Lippincott Illustrated Reviews Pharmacology / (Record no. 35649)

MARC details
000 -LEADER
fixed length control field 00639nam a22002177a 4500
005 - DATE AND TIME OF LATEST TRANSACTION
control field 20240502095646.0
008 - FIXED-LENGTH DATA ELEMENTS--GENERAL INFORMATION
fixed length control field 240502b |||||||| |||| 00| 0 eng d
020 ## - INTERNATIONAL STANDARD BOOK NUMBER
ISBN 9781451191776
082 ## - DEWEY DECIMAL CLASSIFICATION NUMBER
Classification number 615.1076
Item number WHA-L
100 ## - MAIN ENTRY--AUTHOR
Author Name Whalen Karen
245 ## - TITLE STATEMENT
Title Lippincott Illustrated Reviews Pharmacology /
Statement of responsibility, etc. Whalen Karen, Richard Finkel, Thomas A Panavelil
250 ## - EDITION STATEMENT
Edition statement 7th ed.
260 ## - PUBLICATION, DISTRIBUTION, ETC.
Place of Publication USA ;
Name of publisher, distributor, etc. Wolter Kluwer ;
Date of publication, distribution, etc. 2017.
300 ## - PHYSICAL DESCRIPTION
Pages vi,662p.
500 ## - GENERAL NOTE
General note include index .
650 ## - SUBJECT ADDED ENTRY--TOPICAL TERM
Subject / Department Medical / Pharmacology
700 ## - ADDED ENTRY--PERSONAL NAME
Personal name Richard Finkel,
700 ## - ADDED ENTRY--PERSONAL NAME
Personal name Richard Finkel,
700 ## - ADDED ENTRY--PERSONAL NAME
Personal name Thomas A Panavelil
300 ## - PHYSICAL DESCRIPTION
-- ill;
-- 27cm.
952 ## - LOCATION AND ITEM INFORMATION (KOHA)
-- 0
-- 0
952 ## - LOCATION AND ITEM INFORMATION (KOHA)
-- 0
-- 0
952 ## - LOCATION AND ITEM INFORMATION (KOHA)
-- 0
-- 0
952 ## - LOCATION AND ITEM INFORMATION (KOHA)
-- 0
-- 0
952 ## - LOCATION AND ITEM INFORMATION (KOHA)
-- 0
-- 0
952 ## - LOCATION AND ITEM INFORMATION (KOHA)
-- 0
-- 0
952 ## - LOCATION AND ITEM INFORMATION (KOHA)
-- 0
-- 0
952 ## - LOCATION AND ITEM INFORMATION (KOHA)
-- 0
-- 0
Holdings
Lost status Damaged status Collection code Permanent Location Current Location Shelving Location Date acquired Full Call Number Accession No./Barcode Date last seen Copy number item type Koha item type
    Medical Superior Information Resource Center (SIRC) Superior University- Central Library Superior Information Resource Center (SIRC) Superior University- Central Library Pharmacology 05/02/2024 615.1076 WHA-L 2017 7930 09/12/2024 1 BOOK BOOK
    Medical Superior Information Resource Center (SIRC) Superior University- Central Library Superior Information Resource Center (SIRC) Superior University- Central Library Pharmacology 05/02/2024 615.1076 WHA-L 2017 7974 11/15/2024 2 BOOK BOOK
    Medical Superior Information Resource Center (SIRC) Superior University- Central Library Superior Information Resource Center (SIRC) Superior University- Central Library Pharmacology 05/02/2024 615.1076 WHA-L 2017 8116 04/22/2026 3 BOOK BOOK
    Medical Superior Information Resource Center (SIRC) Superior University- Central Library Superior Information Resource Center (SIRC) Superior University- Central Library Pharmacology 05/02/2024 615.1076 WHA-L 2017 8233 04/23/2026 4 BOOK BOOK
    Medical Superior Information Resource Center (SIRC) Superior University- Central Library Superior Information Resource Center (SIRC) Superior University- Central Library Pharmacology 05/02/2024 615.1076 WHA-L 2017 8274 04/22/2026 5 BOOK BOOK
    Medical Superior Information Resource Center (SIRC) Superior University- Central Library Superior Information Resource Center (SIRC) Superior University- Central Library Pharmacology 05/02/2024 615.1076 WHA-L 2017 7934 10/09/2024 6 BOOK BOOK
    Medical Superior Information Resource Center (SIRC) Superior University- Central Library Superior Information Resource Center (SIRC) Superior University- Central Library Pharmacology 08/02/2024 615.1076 WHA-L 2017 7931 02/06/2025 7 BOOK BOOK
    Medical Superior Information Resource Center (SIRC) Superior University- Central Library Superior Information Resource Center (SIRC) Superior University- Central Library Pharmacology 08/02/2024 615.1076 WHA-L 2017 8288 11/05/2024 8 BOOK BOOK

Powered by Koha